|
|
|
|
| LEADER |
00000ny a22000003n 4500 |
| 005 |
20110622120323.0 |
| 008 |
011030s1982 sp l 000 0 spa d |
| 020 |
|
|
|a 9788471302168
|
| 020 |
|
|
|a 9788471303745
|
| 035 |
|
|
|a 719
|
| 040 |
|
|
|a BUC
|d vLex
|
| 080 |
|
|
|a 347
|x (460)
|x (094.4)
|
| 090 |
|
|
|c 995
|d 995
|
| 245 |
0 |
0 |
|a Comentarios al cd̤igo civil y compilaciones forales
|h [Recurso electrn̤ico]
|c comentados por Jos ̌Luis de los Mozos
|
| 256 |
|
|
|a Servicio en ln̕ea
|
| 260 |
|
|
|a Madrid :
|b Edersa,
|c 1982
|
| 300 |
|
|
|a T. 18 ;
|c 21 cm.
|
| 500 |
|
|
|a Antecede al titulo: Revista de Derecho Privado.
|
| 500 |
|
|
|a Notas a pie de pg̀.
|
| 505 |
|
|
|a Tomo XVIII, Vol. 1: Artc̕ulos 1315 a 1343 del cd̤igo civil
|
| 506 |
1 |
|
|a Contenido solo disponible en los productos indicados
|d vLex Global
|d vLex Global (Academic Edition, excluding Law Schools)
|d vLex Global (U.S. Academic Edition, Law Schools)
|d vLex Global (U.S. Academic Edition, excluding Law Schools)
|d vLex Global (Academic Edition, Law Schools)
|
| 650 |
0 |
7 |
|2 Tesauro vLex
|a Civil
|
| 650 |
0 |
7 |
|2 Tesauro vLex
|a Cd̤igo civil
|
| 650 |
0 |
7 |
|2 Tesauro vLex
|a Familia
|
| 650 |
0 |
7 |
|2 Tesauro vLex
|a Rǧimen econm̤ico matrimonial
|
| 700 |
1 |
|
|a Albaladejo Garca̕, Manuel,
|e dir.
|
| 710 |
1 |
2 |
|a Espaą.
|t Cd̤igo Civil, 1889.
|
| 740 |
0 |
|
|a vLex Libros (Servicios en ln̕ea)
|
| 856 |
4 |
0 |
|z Acceso restringido
|u http://vlex.com/source/719
|
| 942 |
|
|
|c BOOK
|